| 000 | 00997nam a2200265Ia 4500 | ||
|---|---|---|---|
| 003 | OSt | ||
| 005 | 20220923231000.0 | ||
| 006 | a|||||r|||| 00| 0 | ||
| 007 | ta | ||
| 008 | 220922b |||||||| |||| 00| 0 pan d | ||
| 020 | _c525 | ||
| 024 | _a336,489 | ||
| 037 |
_bSP/5381, 17/03/2018, Star Publications (Pvt.) Ltd. _cTextual |
||
| 040 |
_aARTS _cARTS _bpan |
||
| 041 |
_2pan _apan |
||
| 082 | _aO153,2N08:g, Q1 | ||
| 100 | _aਕੈਰ, ਸਰਬਜੀਤ, ਂਚ. | ||
| 245 | 0 | _aਸੰਤ ਸਿੰਘ ਸੇਖੋ੍ਵ ਸਾਹਿਤ-ਚਿੰਤਨ ਵਿਧੀ ਅਤੇ ਵਿਚਾਰਧਾਰਾ | |
| 260 |
_aਜਲੰਧਰ _b ਦੀਪਕ ਪਬਲਿFਰਗ਼ _c2011 |
||
| 300 |
_a400ਪ0 _ccm. |
||
| 650 | _a ਪੰਜਾਬੀ ਨਾਟਕ | ||
| 650 | _aਪੰਜਾਬੀ ਸਾਹਿਤ | ||
| 942 |
_hO153,2N08:g, Q1 _cTEXL _2CC |
||
| 999 |
_c388592 _d388592 |
||